| 000 | 01063aam a2200373 4500 | ||
|---|---|---|---|
| 005 | 20240620142016.0 | ||
| 008 | 240620s2023 a 1 cat d | ||
| 017 | _aL-918-2023 | ||
| 020 | _a9788418806285 | ||
| 041 | _acat | ||
| 100 |
_aViolant i Simorra, Ramon _975597 |
||
| 245 |
_aVocabulari tècnic de la indústria terrissera catalana (1950) _cRamon Violant i Simorra |
||
| 260 |
_aTremp _bGarsineu |
||
| 260 |
_aEsterri d'Àneu _bEcomuseu de les Valls d'Àneu _c2023 |
||
| 300 | _a333 p. | ||
| 490 |
_aBiblioteca Ramon Violant i Simorra; _v9 |
||
| 500 | _aCategoria gramatical | ||
| 500 | _aBibliografia. Annexos | ||
| 520 | _aaprox. 1.900 | ||
| 546 | _acatalà | ||
| 591 | _a10992 | ||
| 592 | _aObra terminològica | ||
| 593 | _aJB | ||
| 593 | _aJBP | ||
| 593 | _aJO | ||
| 594 | _a10992 | ||
| 650 | 0 |
_aterrissa _964946 |
|
| 650 | 0 |
_aproductes ceràmics _964947 |
|
| 650 | 0 |
_aoficis _962036 |
|
| 830 |
_aBiblioteca Ramon Violant i Simorra; _v9 _972560 |
||
| 942 |
_cMO _n0 _2ddc |
||
| 999 |
_c68984 _d68984 |
||